Botka László az egyetemi ünnepi ülésen Szeged tisztelete jeléül felfesteti Karikó Katalin és Szent-Györgyi Albert képmását az újszegedi magasházra /

Elmentve itt :
Bibliográfiai részletek
Szerző: Garai Szakács László
További közreműködők: Iványi Aurél
Dokumentumtípus: Cikk
Megjelent: 2023-10-12
Sorozat:Szeged.hu
Kulcsszavak:Volt egyetemi hallgató - Karikó Katalin - egyetemi tanár - Adjunct Professor of Neurosurgery, University of Pennsylvania - USA, Kutatás - Pfizer-BioNTech közös vakcinafejlesztés, Járvány - koronavírus, Járványügyi védekezés - koronavírus - mRNS vakcina - Pfizer-BioNTech - védőoltás, Kitüntetés - Nobel Prize in Physiology or Medicine - élettani-orvosi Nobel-díj, Nobel Assembly at the Karolinska Institute - Stockholm, Megosztva - Drew Weissman, Szegedi látogatás, Rektori Épület, Sajtónyilvános rendezvény - ünnepi egyetemi ülés, Botka László - Szeged város polgármestere, Szeged Megyei Jogú Város Önkormányzata, Tűzfalfestmény - újszegedi toronyház, Szent-Györgyi Albert - tanszékvezető egyetemi tanár - Nobel-díjas tudós, Orvosi Vegytani Intézet, Orvostudományi Kar, C-vitamin
Online Access:http://univ.bibl.u-szeged.hu/67877
LEADER 01817nab a2200181 i 4500
001 univ67877
005 20231013122137.0
008 231013s2023 hu o 0|| hun d
040 |a SZTE UnivHistória Repozitórium  |b hun 
041 |a hun 
100 2 |a Garai Szakács László 
245 1 0 |a Botka László az egyetemi ünnepi ülésen   |h [elektronikus dokumentum] :  |b Szeged tisztelete jeléül felfesteti Karikó Katalin és Szent-Györgyi Albert képmását az újszegedi magasházra /  |c  Garai Szakács László 
260 |c 2023-10-12 
490 0 |a Szeged.hu 
561 |a Karikó Katalin sajtóarchívum 
695 |a Volt egyetemi hallgató - Karikó Katalin - egyetemi tanár - Adjunct Professor of Neurosurgery, University of Pennsylvania - USA, Kutatás - Pfizer-BioNTech közös vakcinafejlesztés, Járvány - koronavírus, Járványügyi védekezés - koronavírus - mRNS vakcina - Pfizer-BioNTech - védőoltás, Kitüntetés - Nobel Prize in Physiology or Medicine - élettani-orvosi Nobel-díj, Nobel Assembly at the Karolinska Institute - Stockholm, Megosztva - Drew Weissman, Szegedi látogatás, Rektori Épület, Sajtónyilvános rendezvény - ünnepi egyetemi ülés, Botka László - Szeged város polgármestere, Szeged Megyei Jogú Város Önkormányzata, Tűzfalfestmény - újszegedi toronyház, Szent-Györgyi Albert - tanszékvezető egyetemi tanár - Nobel-díjas tudós, Orvosi Vegytani Intézet, Orvostudományi Kar, C-vitamin 
700 0 1 |a Iványi Aurél 
856 4 0 |u http://univ.bibl.u-szeged.hu/67877/1/Szeged.hu%20-%20Botka%20L%C3%A1szl%C3%B3%20az%20egyetemi%20%C3%BCnnepi%20%C3%BCl%C3%A9sen_%20Szeged%20tisztelete%20jel%C3%A9%C3%BCl%20felfesteti%20Karik%C3%B3%20Katalin%20%C3%A9s%20Szent-Gy%C3%B6rgyi%20Albert%20k%C3%A9pm%C3%A1s%C3%A1t%20az%20%C3%BAjszegedi%20magash%C3%A1zra.pdf  |z Dokumentum-elérés